000 00722nam a2200241 i 4500
001 C2-0306277
003 PPAK
005 20180728091753.0
008 101020s2008 my |||| ||||| | may d
040 _aPPAK
_beng
_cPPAK
_erda
082 0 4 _a297.4
_223
090 0 0 _a297.4
_bSHA
_dKK
100 0 _aShahabuddin Abu Bakar,
_eauthor
245 1 0 _aJamuan perkahwinan yang berkat
_bKhutbah Jumaat bil. 44
264 1 _aKedah :
_bJabatan Hal Ehwal Agama Islam Negeri Kedah ,
_c2008
300 _a16 pages ;
_c21 cm
336 _2rdacontent
_atext
337 _2rdamedia
_aunmediated
338 _2rdacarrier
_avolume
500 _aKhutbah Jumaat - Teks dalam tulisan jawi
650 1 0 _aIslamic sermons
942 _ddc
_cB
999 _c109196
_d109196